000 01501nam0a2200313 i 4500
001 RU\NLR\bibl\2051907
005 20240921133150.0
010 _a9785934130498
_9100
021 _aRU
_b2013-44938
_93122
035 _a(NLR Aleph) 002038916
090 _a4586478
_c4586478
100 _a20130709d2013 k||y0rusy50 ca
101 0 _arus
102 _aRU
105 _aa z||||01yy
200 1 _aКрепостники и крепостные
_eпо материалам Городецкого имения Орловых и Паниных конца XVIII - первой половины XIX в.
_fП. А. Лебедев
210 _aНижний Новгород
_cКомитет по делам архивов Нижегородской области
_d2013
215 _a69, [2] с.
_cил.
_d20
320 _aБиблиогр. в примеч.: с. 58-70 (171 назв.)
606 1 _aКрестьянство
_xИстория
_yНижегородская губерния
_zкон. 18 - 1-я пол. 19 вв.
_92188093
_3RU\NLR\AUTH\6601551448
606 1 _aКрепостное право
_xИстория
_yРоссия
_91436494
_3RU\NLR\AUTH\66607492
686 1 _aТ3(2Р-4Ни) 472-283
700 1 _4070
_aЛебедев
_bП. А.
_cархивист
_gПавел Александрович
_9133936
_3RU\NLR\AUTH\770133970
801 0 _aRU
_bNLR
_c20130709
_gRCR
801 1 _aRU
_bNLR
_c20130709
942 _cBOOK
980 _aNBR